|
|
|
|
| LEADER |
00000nam0a2200000 4500 |
| 001 |
678233 |
| 005 |
20250117164913.0 |
| 090 |
|
|
|a 678233
|
| 100 |
|
|
|a 20250117d1979 k||y0rusy50 ca
|
| 101 |
0 |
|
|a rus
|
| 102 |
|
|
|a RU
|
| 105 |
|
|
|a y z 000yy
|
| 181 |
|
0 |
|a i
|b e
|
| 182 |
|
0 |
|a n
|
| 183 |
|
0 |
|a nc
|2 RDAcarrier
|
| 200 |
1 |
|
|a Фабрично-заводские комитеты Петрограда в 1917 году
|e протоколы
|f Институт истории СССР Академии наук СССР ; сост. Б. Д. Гальперина
|
| 203 |
|
|
|a Текст
|b визуальный
|c непосредственный
|
| 210 |
|
|
|a Москва
|c Наука
|d 1979
|
| 215 |
|
|
|a 652 с.
|
| 283 |
|
|
|a volume
|2 RDAcarrier
|
| 320 |
|
|
|a Указатели: с. 628-651
|
| 517 |
|
|
|a Фабрично-заводские комитеты Петрограда в тысяча девятьсот семнадцатом году
|z rus
|
| 606 |
1 |
|
|a Профсоюзная работа
|9 71347
|
| 610 |
1 |
|
|a профессиональные союзы
|
| 610 |
1 |
|
|a Ленинград
|
| 610 |
1 |
|
|a история
|
| 610 |
1 |
|
|a Петроград
|
| 610 |
1 |
|
|a фабрично-заводская промышленность
|
| 610 |
1 |
|
|a заводские комитеты
|
| 610 |
1 |
|
|a большевики
|
| 610 |
1 |
|
|a большевистские организации
|
| 610 |
1 |
|
|a Временное правительство
|
| 610 |
1 |
|
|a рабочий класс
|
| 610 |
1 |
|
|a фабзавкомы
|
| 686 |
|
|
|2 rubbk
|a Ф72(2)3
|
| 702 |
|
1 |
|4 220
|a Гальперина
|b Б. Д.
|
| 712 |
0 |
2 |
|a Академия наук СССР
|b Институт истории СССР
|c (1968-1991)
|c (Москва)
|9 24964
|
| 801 |
|
0 |
|a RU
|b 63413507
|c 20250117
|
| 830 |
|
|
|a Ретро2025Каталогизация Кузнецова
|
| 850 |
|
|
|a 63413507
|
| 942 |
|
|
|c BK
|